Houses : (Record no. 20401)

MARC details
000 -CABECERA
campo de control de longitud fija 01263nam a2200325 4500
003 - IDENTIFICADOR DEL NÚMERO DE CONTROL
campo de control OSt
005 - FECHA Y HORA DE LA ÚLTIMA TRANSACCIÓN
campo de control 20260601171009.0
008 - DATOS DE LONGITUD FIJA--INFORMACIÓN GENERAL
campo de control de longitud fija 260507b2005\\\\mx\a||||\||||\00|\0\spa\d
020 ## - NÚMERO INTERNACIONAL ESTÁNDAR DEL LIBRO
Número Internacional Estándar del Libro 9709726102
040 ## - FUENTE DE LA CATALOGACIÓN
Centro catalogador/agencia de origen ICI
Lengua de catalogación spa / eng
Centro/agencia transcriptor ICI
041 ## - CÓDIGO DE LENGUA
Código de lengua del texto/banda sonora o título independiente spa / eng
050 ## - SIGNATURA TOPOGRÁFICA DE LA BIBLIOTECA DEL CONGRESO
Número de clasificación NA7125
Número de documento/Ítem H39 2005
100 #1 - ENTRADA PRINCIPAL--NOMBRE DE PERSONA
Nombre de persona Haro, Fernando de,
Término indicativo de función/relación autor
245 #1 - MENCIÓN DE TÍTULO
Título Houses :
Resto del título Casas = Maisons = Hauser /
Mención de responsabilidad, etc. authors, Fernando de Haro & Omar Fuentes ; english translation, Mexidiom Traducciones ; french & german translation, Passportinternational.net
246 #3 - FORMA VARIANTE DE TÍTULO
Título propio/Titulo breve authors, Fernando de Haro & Omar Fuentes ; english translation, Mexidiom Traducciones ; french & german translation, Passportinternational.net
246 #3 - FORMA VARIANTE DE TÍTULO
Título propio/Titulo breve Maisons
246 #3 - FORMA VARIANTE DE TÍTULO
Título propio/Titulo breve Häuser
264 ## - PRODUCCIÓN, PUBLICACIÓN, DISTRIBUCIÓN, FABRICACIÓN Y COPYRIGHT
Producción, publicación, distribución, fabricación y copyright México, D.F. :
Nombre del de productor, editor, distribuidor, fabricante AM Editores,
Fecha de producción, publicación, distribución, fabricación o copyright 2005
300 ## - DESCRIPCIÓN FÍSICA
Extensión 261 páginas :
Otras características físicas ilustraciones
336 ## - TIPO DE CONTENIDO
Término de tipo de contenido texto
Fuente rdacontent
337 ## - TIPO DE MEDIO
Nombre/término del tipo de medio sin medio
Fuente rdamedia
338 ## - TIPO DE SOPORTE
Nombre/término del tipo de soporte volumen
Fuente rdacarrier
490 #0 - MENCIÓN DE SERIE
Mención de serie Ideas
500 ## - NOTA GENERAL
Nota general Texto paralelo en inglés, español, francés y alemán
650 ## - PUNTO DE ACCESO ADICIONAL DE MATERIA--TÉRMINO DE MATERIA
Término de materia o nombre geográfico como elemento de entrada Arquitectura doméstica
650 ## - PUNTO DE ACCESO ADICIONAL DE MATERIA--TÉRMINO DE MATERIA
Término de materia o nombre geográfico como elemento de entrada Decoración de interiores
9 (RLIN) 6140
710 #2 - PUNTO DE ACCESO ADICIONAL--NOMBRE DE ENTIDAD CORPORATIVA
Nombre de entidad corporativa o nombre de jurisdicción como elemento de entrada Mexidiom Traducciones (Firma comercial)
9 (RLIN) 32728
710 #2 - PUNTO DE ACCESO ADICIONAL--NOMBRE DE ENTIDAD CORPORATIVA
Nombre de entidad corporativa o nombre de jurisdicción como elemento de entrada Passportinternational.net (Firma comercial)
9 (RLIN) 32729
942 ## - ELEMENTOS DE PUNTO DE ACCESO ADICIONAL (KOHA)
Fuente del sistema de clasificación o colocación Library of Congress Classification
Tipo de ítem Koha Libros
Suprimir en OPAC 1

No items available.